<?xml version="1.0" encoding="UTF-8"?>
<marc:record xmlns:marc="http://www.loc.gov/MARC21/slim">
   <marc:leader>00000nam a2200000 a 4500</marc:leader>
   <marc:datafield ind1="1" ind2=" " tag="100">
      <marc:subfield code="a">Brouillard, Fabienne</marc:subfield>
      <marc:subfield code="4">aut</marc:subfield>
      <marc:subfield code="e">Verfasser/-in</marc:subfield>
   </marc:datafield>
   <marc:datafield ind1="0" ind2="0" tag="245">
      <marc:subfield code="a">Rendezvous mit Lou</marc:subfield>
   </marc:datafield>
   <marc:datafield ind1="0" ind2="0" tag="245">
      <marc:subfield code="b">Roman</marc:subfield>
   </marc:datafield>
   <marc:datafield ind1="0" ind2="0" tag="245">
      <marc:subfield code="c">Fabienne Brouillard</marc:subfield>
   </marc:datafield>
   <marc:datafield ind1=" " ind2="1" tag="264">
      <marc:subfield code="a">München</marc:subfield>
      <marc:subfield code="b">Diana</marc:subfield>
      <marc:subfield code="c">2019</marc:subfield>
   </marc:datafield>
   <marc:datafield ind1=" " ind2=" " tag="250">
      <marc:subfield code="a">Originalausgabe</marc:subfield>
   </marc:datafield>
   <marc:datafield ind1="1" ind2=" " tag="520">
      <marc:subfield code="a">Angaben aus der Verlagsmeldung

Rendezvous mit Lou : Roman / von Fabienne Brouillard

Die junge Journalistik-Studentin Lou steht kurz vor dem Uniabschluss, sieht einer großen Karriere entgegen und ist verliebt. Blöd nur, dass sich Olivier, ihr Liebhaber und Dozent, Hand in Hand mit seiner plötzlich schwangeren Ehefrau in der Öffentlichkeit zeigt. Lou sieht rot. Vor laufenden Kameras beschimpft sie den Mann ihrer Träume und bewirft die Ehefrau mit Petits Fours. Prompt präsentiert ihr die Hochschulleitung die Quittung: Entweder Lou verschafft sich ein Interview mit dem medienscheuen IT-Magnaten Frédéric d’Arambault oder sie fliegt ohne Abschluss von der Uni. Typisch Lou, dass sie gleich eine verrückte Idee in die Tat umsetzt, um schnellstmöglich an Frédéric heranzukommen. Und typisch Frédéric, dass er ihre Pläne durchkreuzt. Ein Liebesspiel der besonderen Art beginnt …

</marc:subfield>
   </marc:datafield>
   <marc:datafield ind1=" " ind2=" " tag="020">
      <marc:subfield code="a">9783453360136</marc:subfield>
      <marc:subfield code="9">9783453360136</marc:subfield>
   </marc:datafield>
   <marc:datafield ind1=" " ind2=" " tag="020">
      <marc:subfield code="a">3453360133</marc:subfield>
      <marc:subfield code="9">3453360133</marc:subfield>
   </marc:datafield>
   <marc:datafield ind1=" " ind2=" " tag="300">
      <marc:subfield code="a">367 Seiten</marc:subfield>
   </marc:datafield>
</marc:record>
